Taxmann Students' Guide To GST & Customs Law/ (Record no. 194202)

MARC details
000 -LEADER
fixed length control field 00840nam a22002057a 4500
005 - DATE AND TIME OF LATEST TRANSACTION
control field 20230302151349.0
010 ## - LCCN (DPL NO)
LC control number B-746505-509 E.N.A. / 7.11.22
020 ## - INTERNATIONAL STANDARD BOOK NUMBER
International Standard Book Number 9789356223585
Terms of availability 795.00
035 ## - SYSTEM CONTROL NUMBER
System control number B-746505-509
037 ## - SOURCE OF ACQUISITION
Source of stock number/acquisition Taxmann
082 ## - DEWEY DECIMAL CLASSIFICATION NUMBER
Classification number 343.93055
100 ## - MAIN ENTRY--PERSONAL NAME
Personal name Singhania, Vinod K.
245 ## - TITLE STATEMENT
Title Taxmann Students' Guide To GST & Customs Law/
Statement of responsibility, etc by Vinod K. Singhania
250 ## - EDITION STATEMENT
Edition statement 9th
260 ## - PUBLICATION, DISTRIBUTION, ETC. (IMPRINT)
Place of publication, distribution, etc New Delhi
Name of publisher, distributor, etc Taxmann
Date of publication, distribution, etc 2022
270 ## - ADDRESS
Address 59/32, New Rohtak road, New Delhi -110005
City New Delhi
Postal code 110005
Telephone number 911145562222
Electronic mail address sales@taxmann.com
300 ## - PHYSICAL DESCRIPTION
Extent 335p.
Dimensions 28cm(pbk)
942 ## - ADDED ENTRY ELEMENTS (KOHA)
Source of classification or shelving scheme Dewey Decimal Classification
Item type English Books
Call number suffix SIN
Classification part 343.93055
Holdings
Withdrawn status Lost status Not for loan Collection code Home library Current library Date acquired Source of acquisition Cost, normal purchase price Full call number Barcode Copy number Cost, replacement price Koha item type
      Non-fiction Ashok Vihar Ashok Vihar 02/03/2023 Taxmann Pub./INV/00503/29.11.22/216/22.11.22/30.11.22 795.00 343.93055 SIN B-746506 1 795.00 English Books
      Non-fiction Central Library Central Library 02/03/2023 Taxmann Pub./INV/00503/29.11.22/216/22.11.22/30.11.22 795.00 343.93055 SIN B-746505 1 795.00 English Books
      Non-fiction Patel Nagar Patel Nagar 02/03/2023 Taxmann Pub./INV/00503/29.11.22/216/22.11.22/30.11.22 795.00 343.93055 SIN B-746507 1 795.00 English Books
      Non-fiction Sarojini Nagar Sarojini Nagar 02/03/2023 Taxmann Pub./INV/00503/29.11.22/216/22.11.22/30.11.22 795.00 343.93055 SIN B-746508 1 795.00 English Books
      Non-fiction Shahdara Branch Shahdara Branch 02/03/2023 Taxmann Pub./INV/00503/29.11.22/216/22.11.22/30.11.22 795.00 343.93055 SIN B-746509 1 795.00 English Books

© Delhi Public Library
Hit Counter
free hit counter